000
00324nam a22001337a 4500
008
170608b xxu||||| |||| 00| 0 eng d
020
_a
9781597260640
041
_a
eng
080
_a
94
100
_a
18
101
_a
SHP
245
_a
CATASTROPHE, CREATIVITY AND THE RENEWAL OF CIVILIZATION
_c
DIXON,TH.H
942
_2
udc
_c
BK
999
_c
16459
_d
16459